| 000 | 00463nam a2200157Ia 4500 | ||
|---|---|---|---|
| 008 | 210716s2000 xx 000 0 und d | ||
| 020 | _a052177487X | ||
| 041 | _aeng | ||
| 082 | _a658.84 HOQF | ||
| 100 | _aHoque, Faisal. | ||
| 245 |
_ae-Enterprise:business models, architecture, and components. _bBusiness models, architecture, and components. |
||
| 250 | _a1 | ||
| 260 |
_aU S A _bCambridge University Press _c2000 |
||
| 300 | _axx,284 | ||
| 650 | _aMarketing | ||
| 999 |
_c198202 _d198202 |
||